The new education policy in India (Record no. 354624)

000 -LEADER
fixed length control field 00369cam a22001337a 4500
008 - FIXED-LENGTH DATA ELEMENTS--GENERAL INFORMATION
fixed length control field 180718b1988 xxu||||| |||| 00| 0 eng d
082 ## - DEWEY DECIMAL CLASSIFICATION NUMBER
Classification number P3x54 Sh92
100 ## - MAIN ENTRY--PERSONAL NAME
Personal name Shukla, P.D.
245 ## - TITLE STATEMENT
Title The new education policy in India
Statement of responsibility, etc. by P.D. Shukla
260 ## - PUBLICATION, DISTRIBUTION, ETC.
Place of publication, distribution, etc. New Delhi
Name of publisher, distributor, etc. Sterling
Date of publication, distribution, etc. 1988
300 ## - PHYSICAL DESCRIPTION
Extent 157p.
650 ## - SUBJECT ADDED ENTRY--TOPICAL TERM
Topical term or geographic name entry element (Written off)
650 ## - SUBJECT ADDED ENTRY--TOPICAL TERM
Topical term or geographic name entry element Education and state - India
Holdings
Withdrawn status Lost status Damaged status Not for loan Permanent Location Current Location Date acquired Full call number Barcode Date last seen Price effective from Koha item type
        Indian Institute of Public Administration Indian Institute of Public Administration 1993-12-13 P3x54 Sh92 63945 2018-07-21 2018-07-21 Book

Powered by Koha